000 01485nam a2200445 i 4500
001 2515
003 KOSZ 005
005 20200330130656.0
008 981103s1986 pl a f 001 0 pol
015 _aPB 1986/803
020 _a8320406676
035 _a991007533189705066
035 _a(PL-WaBN)b11954036-48omnis_nlop
035 _ab11954036
035 _a(OCoLC)751329584
035 _a(PL)b0000001195403
035 _a(EXLNZ-48OMNIS_NETWORK)9910224022205606
040 _aWA N
_cWA N
_dKOSZ 005/RW
046 _k1971
080 _a621.791/795
100 1 _aPałasz, Jan.
_eAutor
245 1 0 _aPoradnik spawacza gazowego /
_cJan Pałasz.
250 _aWydanie 3.
260 _aWarszawa :
_bWydawnictwa Naukowo-Techniczne,
_c1986.
300 _a349, [1] stron :
_bfotografie, rysunki, wykresy ;
_c22 cm.
336 _aTekst
_btxt
_2rdacontent
337 _aBez urządzenia pośredniczacego
_bn
_2rdamedia
338 _aWolumin
_bnc
_2rdacarrier
380 _aKsiążki
388 _a1901-2000
504 _aBibliografia na stronie [340], wykaz przepisów i norm na stronach 335-339. Indeks.
658 _aInżynieria i technika
650 7 _aUrządzenia
655 7 _aPoradnik
_2DBN
650 7 _aSpawalnictwo
_2DBN
710 2 _aWydawnictwa Naukowo-Techniczne
_4pbl
856 _uhttp://koha.tu.koszalin.pl/cgi-bin/koha/opac-detail.pl?biblionumber=2515
_yKatalog online BPK
942 _2UKD
_cKS
999 _c2515
_d2515